000 00822nam a22002417a 4500
001 93570
003 UA-OsUOA
005 20251230095444.0
007 ta
008 20130123b un ||||| |||| 00| 0 ukr d
040 _aUA-OsUOA
_brus
_cUA-OsUOA
_dUA-OsUOA
041 _arus
080 _a821.353.1
090 _a821.353.1
_bГ18
100 _aГамсахурдиа К.
_923014
245 _aИзбранные произведения в шести томах
_cК. Гамсахурдиа
260 _aТбилиси
_bЗоря Востока
_c1962
300 _a352 с.
505 _gТ. 2
_tДесница великого мастера. Новеллы
650 7 _a821 Художня література окремими мовами і мовними сім'ями
_2UDC
_917
942 _cBK
_2udc
955 _a3
999 _c379816
_d379816